| 000 | 01057nam a22002411a 4500 | ||
|---|---|---|---|
| 999 |
_c17856 _d17856 |
||
| 001 | 17856 | ||
| 003 | OSt | ||
| 005 | 20260204212337.0 | ||
| 008 | 170102s2015||||dr ||||||b||||||||||spa|| | ||
| 090 | _aCON 2015 J453-1 | ||
| 100 | 1 |
_aJimenez Portorreal, Rut Esther _esustentante |
|
| 245 | 1 | 0 | _aSistema de gestión contable de las fincas de la UTECO / Rut Esther Jiménez Portorreal, Alba Iris Álvarez Frías y Rosa Elba Santana Amparo asesor Juan Francisco Núñez. |
| 260 |
_aCotuí, República Dominicana : _bUTECO, _c2015 |
||
| 300 |
_a91 hojas : _bFotos ; _c28cm. |
||
| 502 | _aTrabajo de grado (Licenciatura en Contabilidad) --Universidad Tecnológica del Cibao Oriental, 2015 | ||
| 504 | _aIncluye referencia bibliográfica e índice | ||
| 650 | 4 | _aGestión contable | |
| 700 | 1 |
_aÁlvarez Frías, Alba Iris _esustentante |
|
| 700 | 1 |
_aSantana Amparo, Rosa Elba _esustentante |
|
| 700 | 1 |
_aNúñez, Juan Francisco _easesor |
|
| 830 | _aTesis y disertaciones académicas (Universidad Tecnológica del Cibao Oriental) | ||
| 942 |
_2LC _cTH |
||